Normal view
MARC view
- لطفي،فاهيد/كارل بيجلز؛تعريب سرور علي ابراهيم سرور؛تقديم عبدالمنعم ابراهيم العبد المنعم؛مراجعة محمد يحيى عبد الرحمن
Entry Personal Name
001 - CONTROL NUMBER
- control field: 31416
003 - CONTROL NUMBER IDENTIFIER
- control field: JO-AjAnu
005 - DATE AND TIME OF LATEST TRANSACTION
- control field: 20230606075305.0
008 - FIXED-LENGTH DATA ELEMENTS
- fixed length control field: 230606|| aca||aabn | a|a d
040 ## - CATALOGING SOURCE
- Original cataloging agency: JO-AjAnu
- Transcribing agency: JO-AjAnu
100 ## - HEADING--PERSONAL NAME
- Personal name: لطفي،فاهيد/كارل بيجلز؛تعريب سرور علي ابراهيم سرور؛تقديم عبدالمنعم ابراهيم العبد المنعم؛مراجعة محمد يحيى عبد الرحمن
670 ## - SOURCE DATA FOUND
- Source citation: Work cat.: (JO-AjAnu)16132: لطفي،فاهيد/كارل بيجلز؛تعريب سرور علي ابراهيم سرور؛تقديم عبدالمنعم ابراهيم العبد المنعم؛مراجعة محمد يحيى عبد الرحمن, author, نظم دعم القرارات لادارة العمليات،بحوث العمليات=Decision Support Systems Operations Management and Management Science